Представление документа в формате RUSMARC

ПолеНазваниеЗначение
  Тип записи a
  Библиографический уровень m
001 Контрольный номер SKBR/01746790-8f9b-40b8-b7b1-72df0baa668c
005 Дата корректировки 20231127112226.9
010 Индекс ISBN __
a ISBN 978-5-907056-96-1
9 Тираж 2500 экз.
d Цена 1045-88
035 Другие системные номера __
a Идентификатор записи RU/Тюменская ОНБ/EKC/84/Д 36-440663154
100 Данные общей обработки __
a Данные общей обработки 20210901d2021 aemy0rusy028902 ca
101 Язык документа 1_
a Язык текста rus
c Язык оригинала eng
102 Страна публикации __
a Страна публикации RU
105 Кодированные данные (монография) __
a Кодированные данные (монография) y z 001yy
181 Поле кодированных данных: вид содержания _0
a Код вида содержания (ISBD) i
182 Поле кодированных данных: тип средства _0
a Код типа средства (ISBD) n
200 Заглавие и сведения об ответственности 1_
a Заглавие Экономика творчества в XXI веке
f Первые сведения об ответственности Уильям Дерезевиц
g Последующие сведения об ответственности перевод с английского Дарьи Ивановской
e Сведения, относящиеся к заглавию как писателям, художникам, музыкантам и другим творцам зарабатывать на жизнь в век цифровых технологий
203 Вид содержания и тип средства __
a Вид содержания Текст
c Тип средства непосредственный
210 Выходные данные 1_
a Место издания Москва
c Издательство Лайвбук
d Дата издания 2021
215 Физическое описание __
a Объем 670, [1] с.
d Формат 21 см
320 Библиография __
a Библиография Библиография: с. [602]-642
320 Библиография __
a Библиография Алфавитный указатель: с. [646]-670
330 Аннотация __
a Аннотация Злободневный интеллектуальный нон-фикшн, в котором рассматривается вопрос: как людям творческих профессий зарабатывать на жизнь в век цифровых технологий. Основываясь на интервью с писателями, музыкантами, художниками, артистами, автор книги утверждает, что если в эпоху Возрождения художники были ремесленниками, в 19 веке - богемой, в 20 веке - профессионалами, то в цифровую эпоху возникает новая парадигма, которая меняет наши представления о природе искусства и роли художника в обществе.
454 Оригинал _0
1 2001
a The Death of the Artist
f William Deresiewicz
1 700 1
a Deresiewicz
g William
b W.
540 Дополнительное заглавие, сделанное каталогизатором 10
a Дополнительное заглавие, сделанное каталогизатором Как писателям, художникам, музыкантам и другим творцам зарабатывать на жизнь в век цифровых технологий
606 Тематические рубрики __
2 Код системы nlr_sh
a Основная рубрика Экономика
606 Тематические рубрики __
2 Код системы nlr_sh
a Основная рубрика Экономика культуры, науки, просвещения
z Хронологическая подрубрика 21 в.
610 Ключевые слова 1_
a Ключевые слова публицистика
610 Ключевые слова 0_
a Ключевые слова экономика творчества
610 Ключевые слова 0_
a Ключевые слова экономика искусства
610 Ключевые слова 0_
a Ключевые слова писатели
610 Ключевые слова 0_
a Ключевые слова художники
610 Ключевые слова 0_
a Ключевые слова музыканты
610 Ключевые слова 0_
a Ключевые слова цифровые технологии
610 Ключевые слова 0_
a Ключевые слова культура
610 Ключевые слова 0_
a Ключевые слова искусство
610 Ключевые слова 0_
a Ключевые слова искусствоведение
610 Ключевые слова 0_
a Ключевые слова современное искусство
610 Ключевые слова 0_
a Ключевые слова творческая деятельность
610 Ключевые слова 0_
a Ключевые слова экономика культуры
610 Ключевые слова 0_
a Ключевые слова творческие профессии
610 Ключевые слова 0_
a Ключевые слова артисты
610 Ключевые слова 0_
a Ключевые слова деньги
610 Ключевые слова 0_
a Ключевые слова зарабатывание денег
610 Ключевые слова 0_
a Ключевые слова история искусства
610 Ключевые слова 0_
a Ключевые слова авторские права
610 Ключевые слова 0_
a Ключевые слова пиратство
686 Индексы других классификаций __
2 Код системы rubbks
a Классификационный индекс 65.498.5
700 Автор _1
a Фамилия Дерезевиц
b Имя У.
g Полное личное имя Уильям
4 Код отношения 070
f Даты 1964-
702 Вторичная интеллектуальная ответственность _1
a Фамилия Ивановская
b Имя Д.
g Полное личное имя Дарья
4 Код отношения 730
801 Источник записи _2
b Организация Тюменская ОНБ
a Страна RU
c Дата составления 20211018
g Правила каталогизации PSBO
801 Источник записи _1
b Организация Тюменская ОНБ
a Страна RU
c Дата составления 20211021
g Правила каталогизации PSBO
852 Данные о местонахождении __
i Авторский знак Д 36
j Шифр хранения 65.498.5
900 Макрообъекты __
a Макрообъекты Экономика творчества в XXI веке. Как писателям, художникам, музыкантам и другим творцам зарабатывать на жизнь в век цифровых технологий , 2021
901 Тип документа __
a Ответственный КиК/Лукашук
t Тип документа m
903 Характеристики (МАРС) __
a Дата передачи 20221130
c Наименование библиотеки (МАРС) Муниципальное бюджетное учреждение культуры "Централизованная библиотечная система" г. Сургут (Центральная городская библиотека им. А. С. Пушкина)
990 Данные о заказе (DOS) __
j Количество экземпляров (DOS) 1
t N записи в КСУ для И/У (DOS) 202302